header

Chronic pelvic pain (Record no. 119764)

MARC details
000 -LEADER
fixed length control field 01269nam a2200337Ia 4500
245 00 - TITLE STATEMENT
Title Chronic pelvic pain
260 ## - PUBLICATION, DISTRIBUTION, ETC. (IMPRINT)
Place of publication Chichester, West Sussex ;
-- Hoboken, NJ :
Name of publisher Wiley-Blackwell,
Year of publication 2011.
300 ## - PHYSICAL DESCRIPTION
Number of Pages x, 183 p. :
Other physical details ill.
490 1# - SERIES STATEMENT
Series statement Gynecology in practice
650 #0 - SUBJECT ADDED ENTRY--TOPICAL TERM
Topical Term Pelvic pain.
Topical Term Generative organs, Female
700 1# - ADDED ENTRY--PERSONAL NAME
Personal name Vercellini, Paolo.
856 40 - ELECTRONIC LOCATION AND ACCESS
Uniform Resource Identifier http://site.ebrary.com/lib/rucke/Doc?id=10510547

No items available.

© 2026 Rongo University
Contact us: librarian | system librarian | Rongo university